[Event "Medellin Flores op 30th"]
[Site "Medellin"]
[Date "2023.08.06"]
[Round "7"]
[White "Jimenez Jimenez, Leandro"]
[Black "Iral Castro, Brahiam"]
[Result "1-0"]
[WhiteElo "2141"]
[BlackElo "1821"]
[PlyCount "151"]
[EventDate "2023.08.03"]
[EventType "swiss"]
[EventRounds "9"]
[EventCountry "COL"]
[SourceTitle "CBM 215 Extra"]
[Source "ChessBase"]
[SourceDate "2023.09.30"]
[SourceVersion "1"]
[SourceVersionDate "2023.09.30"]
[SourceQuality "1"]

1. d4 d5 2. c4 e6 3. Nf3 Nf6 4. g3 c6 5. Bg2 Bb4+ 6. Bd2 Qb6 7. 0-0 dxc4 8. Qc2 0-0 9. Bg5 Be7 10. Nbd2 h6 11. Nxc4 Qa6 12. Bf4 Nbd7 13. Bd6 Bxd6 14. Nxd6 Rd8 15. e4 Nb6 16. e5 Ne8 17. Ne4 Qc4 18. Qb1 Nd5 19. a3 a5 20. Re1 Qa6 21. Bf1 Qa7 22. Qc1 Bd7 23. Qd2 b6 24. Rec1 Rac8 25. b4 Ra8 26. Qb2 Qb7 27. bxa5 Rxa5 28. Nfd2 Qa7 29. Bd3 Ra8 30. Nb1 c5 31. dxc5 bxc5 32. Qe2 Nb4 33. Bc4 Nc6 34. Ned2 Nd4 35. Qe3 Ba4 36. Ra2 Qb7 37. Nc3 Bc6 38. a4 Qd7 39. Nde4 Bd5 40. Bxd5 exd5 41. Nxc5 Rxc5 42. Qxd4 Rc4 43. Qd2 Nc7 44. Rac2 d4 45. Ne4 Rxc2 46. Qxc2 Ne6 47. Nd6 Qxa4 48. Qf5 Qd7 49. Rb1 Nc5 50. Qc2 Qc6 51. Qc4 Qc7 52. Rb7 Ra1+ 53. Kg2 Qc6+ 54. Kh3 Qf3 55. Qxc5 Qh5+ 56. Kg2 d3 57. Qc8+ Kh7 58. Qf5+ Qxf5 59. Nxf5 d2 60. Ne3 d1Q 61. Nxd1 Rxd1 62. Rxf7 Kg6 63. Rf3 Rd8 64. g4 Re8 65. Re3 Kf7 66. f4 Ke6 67. f5+ Kd5 68. e6 Kd6 69. Kg3 Ke7 70. h4 Rd8 71. g5 h5 72. Kf4 Rd1 73. f6+ gxf6 74. gxf6+ Kxf6 75. e7 Rf1+ 76. Kg3 1-0

[Event "Titled Tuesday intern op 01st Aug Late"]
[Site "Chess.com INT"]
[Date "2023.08.01"]
[Round "7"]
[White "Spichkin, Alexander"]
[Black "Jimenez Jimenez, Leandro"]
[Result "0-1"]
[WhiteElo "2052"]
[BlackElo "2141"]
[PlyCount "36"]
[EventDate "2023.08.01"]
[EventType "swiss (blitz)"]
[EventRounds "11"]
[EventCountry "USA"]
[SourceTitle "EXT 2024"]
[Source "ChessBase"]
[SourceDate "2023.10.10"]
[SourceVersion "1"]
[SourceVersionDate "2023.10.10"]
[SourceQuality "1"]

1. f4 d5 2. Nf3 Nf6 3. e3 Bg4 4. h3 Bxf3 5. Qxf3 e6 6. b3 Nbd7 7. Bb2 c6 8. Nc3 Bb4 9. 0-0-0 Qe7 10. Kb1 a5 11. g4 a4 12. g5 Bxc3 13. Bxc3 Ne4 14. Bxg7 axb3 15. axb3 Qa3 16. Bxh8 f6 17. c3 Qxb3+ 18. Kc1 Ra1# 0-1

[Event "Titled Tuesday intern op 04th Jul Early"]
[Site "Chess.com INT"]
[Date "2023.07.04"]
[Round "1"]
[White "Amilal, Munkhdalai"]
[Black "Jimenez Jimenez, Leandro"]
[Result "0-1"]
[WhiteElo "2437"]
[BlackElo "2141"]
[PlyCount "104"]
[EventDate "2023.07.04"]
[EventType "swiss (blitz)"]
[EventRounds "11"]
[EventCountry "USA"]
[SourceTitle "EXT 2024"]
[Source "ChessBase"]
[SourceDate "2023.10.10"]
[SourceVersion "1"]
[SourceVersionDate "2023.10.10"]
[SourceQuality "1"]

1. e4 e5 2. Nf3 Nc6 3. Bb5 a6 4. Ba4 Nf6 5. d3 b5 6. Bb3 Bc5 7. 0-0 0-0 8. c3 d6 9. h3 Bb6 10. Re1 Bb7 11. Nbd2 Na5 12. Bc2 c5 13. Nf1 c4 14. d4 exd4 15. Nxd4 Re8 16. Ng3 Nc6 17. Be3 Nxd4 18. Bxd4 d5 19. e5 Ne4 20. Nxe4 dxe4 21. Bxe4 Bxe4 22. Rxe4 Qd5 23. Qe2 Bxd4 24. cxd4 Rac8 25. Rg4 b4 26. Qe3 Rc6 27. Rc1 Rec8 28. Qg3 Rg6 29. Rxg6 hxg6 30. Qe3 a5 31. f3 a4 32. a3 bxa3 33. bxa3 Rd8 34. Rd1 Rb8 35. Qe4 Qb5 36. d5 c3 37. Kh2 Qb3 38. Rd3 c2 39. Rxb3 axb3 40. e6 c1Q 41. exf7+ Kxf7 42. Qe6+ Kf8 43. Qd6+ Kf7 44. Qe6+ Kf8 45. Qd6+ Kf7 46. Qxb8 b2 47. Qb7+ Kg8 48. d6 b1Q 49. Qd5+ Kh7 50. d7 Qf4+ 51. g3 Qc2+ 52. Kh1 Qfc1+ 0-1

[Event "Titled Tuesday intern op 30th May Early"]
[Site "Chess.com INT"]
[Date "2023.05.30"]
[Round "1"]
[White "Kilic, Eray"]
[Black "Jimenez Jimenez, Leandro"]
[Result "1-0"]
[WhiteElo "2414"]
[BlackElo "2146"]
[PlyCount "65"]
[EventDate "2023.05.30"]
[EventType "swiss (blitz)"]
[EventRounds "11"]
[EventCountry "USA"]
[SourceTitle "CBM 214 Extra"]
[Source "ChessBase"]
[SourceDate "2023.07.31"]
[SourceVersion "1"]
[SourceVersionDate "2023.07.31"]
[SourceQuality "1"]

1. e4 e5 2. Nf3 Nc6 3. Bb5 a6 4. Ba4 Nf6 5. 0-0 b5 6. Bb3 Bc5 7. c3 d6 8. d4 Bb6 9. a4 Rb8 10. a5 Ba7 11. Re1 0-0 12. h3 h6 13. Be3 Re8 14. Nbd2 exd4 15. cxd4 Nb4 16. d5 Bxe3 17. Rxe3 c6 18. Nf1 Bb7 19. Qd2 c5 20. Ng3 Bc8 21. e5 dxe5 22. Nxe5 Qd6 23. Rae1 Rd8 24. Rf3 c4 25. Rxf6 Qxf6 26. Qxb4 Rxd5 27. Nxc4 Bb7 28. Nb6 Qxb2 29. Qf4 Qxb3 30. Qxb8+ Kh7 31. Qxb7 Rd2 32. Qe4+ g6 33. Qf4 1-0

[Event "Titled Tuesday intern op 25th Apr Early"]
[Site "Chess.com INT"]
[Date "2023.04.25"]
[Round "2"]
[White "Santos, Jose Guilherme B Li"]
[Black "Jimenez Jimenez, Leandro"]
[Result "0-1"]
[WhiteElo "2377"]
[BlackElo "2151"]
[PlyCount "82"]
[EventDate "2023.04.25"]
[EventType "swiss (blitz)"]
[EventRounds "11"]
[EventCountry "USA"]
[SourceTitle "EXT 2024"]
[Source "ChessBase"]
[SourceDate "2023.10.10"]
[SourceVersion "1"]
[SourceVersionDate "2023.10.10"]
[SourceQuality "1"]

1. e4 e5 2. Nf3 Nc6 3. Bb5 a6 4. Ba4 Nf6 5. 0-0 Nxe4 6. Re1 d5 7. d3 b5 8. dxe4 dxe4 9. Qe2 exf3 10. Qxf3 Bd7 11. Bb3 Qf6 12. Bd5 Qxf3 13. Bxf3 0-0-0 14. Nc3 Nd4 15. Bd1 f6 16. Be3 Bc6 17. a4 b4 18. Ne2 Bc5 19. c3 Nxe2+ 20. Rxe2 Be7 21. Bb3 bxc3 22. bxc3 Rd3 23. Rb1 Rxc3 24. Be6+ Bd7 25. Bxd7+ Kxd7 26. Rd2+ Bd6 27. h3 Rc4 28. a5 Ra4 29. Rd5 Rc8 30. Bc5 Ke6 31. Rbd1 Rxa5 32. Rxd6+ cxd6 33. Rxd6+ Kf7 34. Rd7+ Ke8 35. Re7+ Kd8 36. Bb6+ Kxe7 37. Bxa5 Ke6 38. Kf1 g6 39. Ke2 f5 40. Kd3 e4+ 41. Kd4 Rc2 0-1

[Event "Titled Tuesday intern op 18th Apr Early"]
[Site "Chess.com INT"]
[Date "2023.04.18"]
[Round "8"]
[White "Berezin, Viktor1111"]
[Black "Jimenez Jimenez, Leandro"]
[Result "1-0"]
[WhiteElo "2307"]
[BlackElo "2151"]
[PlyCount "71"]
[EventDate "2023.04.18"]
[EventType "swiss (blitz)"]
[EventRounds "11"]
[EventCountry "USA"]
[SourceTitle "EXT 2024"]
[Source "ChessBase"]
[SourceDate "2023.10.10"]
[SourceVersion "1"]
[SourceVersionDate "2023.10.10"]
[SourceQuality "1"]

1. d4 d5 2. c4 dxc4 3. e3 Nf6 4. Bxc4 e6 5. Nf3 Be7 6. 0-0 0-0 7. Qe2 c5 8. Rd1 cxd4 9. exd4 Nc6 10. Nc3 Nd5 11. Ne4 b6 12. Bg5 Bb7 13. Bxe7 Ncxe7 14. Rac1 Nf5 15. Ng3 Nf4 16. Qe5 Ng6 17. Qe2 Nfh4 18. Nxh4 Qxh4 19. f3 Rad8 20. Qf2 Nf4 21. Ne2 Qf6 22. Nc3 Rc8 23. Bf1 Rfd8 24. Ne4 Qg6 25. Ng3 h5 26. Kh1 Qg5 27. Ne4 Bxe4 28. Rxc8 Rxc8 29. fxe4 e5 30. d5 h4 31. d6 Rd8 32. d7 Qe7 33. Qd2 Ne6 34. Ba6 Nd4 35. Bc8 Qf6 36. Kg1 1-0

[Event "Titled Tuesday intern op 18th Apr Early"]
[Site "Chess.com INT"]
[Date "2023.04.18"]
[Round "7"]
[White "Jimenez Jimenez, Leandro"]
[Black "Lenaerts, Lennert"]
[Result "1-0"]
[WhiteElo "2151"]
[BlackElo "2376"]
[PlyCount "99"]
[EventDate "2023.04.18"]
[EventType "swiss (blitz)"]
[EventRounds "11"]
[EventCountry "USA"]
[SourceTitle "EXT 2024"]
[Source "ChessBase"]
[SourceDate "2023.10.10"]
[SourceVersion "1"]
[SourceVersionDate "2023.10.10"]
[SourceQuality "1"]

1. d4 d5 2. c4 c6 3. cxd5 cxd5 4. Nc3 Nf6 5. Nf3 Nc6 6. Bf4 Nh5 7. Bd2 Nf6 8. Bf4 Nh5 9. Bd2 e6 10. e3 Nf6 11. Bd3 Bd6 12. 0-0 0-0 13. a3 e5 14. dxe5 Nxe5 15. Nxe5 Bxe5 16. Na4 Bxh2+ 17. Kxh2 Ng4+ 18. Kg3 Qg5 19. f4 Qf6 20. Qf3 h5 21. Rh1 g6 22. Nc3 Be6 23. f5 gxf5 24. Rxh5 Qg6 25. Bxf5 Qxh5 26. Qxg4+ Qxg4+ 27. Kxg4 Kg7 28. Ne2 Kf6 29. Bc3+ Ke7 30. Kf4 Rg8 31. g4 Rac8 32. Nd4 a6 33. Nf3 Rc4+ 34. Bd4 Bxf5 35. gxf5 Rc2 36. Rh1 Rcg2 37. Rh7 Kd6 38. Be5+ Kc5 39. Rh4 Kc4 40. Nd4 Kd3 41. f6 Rf2+ 42. Nf3 Ke2 43. Rh3 Rg1 44. Bd4 Rgf1 45. Ke5 Rxf3 46. Rxf3 Rxf3 47. Kxd5 Kd3 48. Kd6 Rh3 49. Ke7 Rh7 50. Kf8 1-0

[Event "Titled Tuesday intern op 18th Apr Early"]
[Site "Chess.com INT"]
[Date "2023.04.18"]
[Round "11"]
[White "Jimenez Jimenez, Leandro"]
[Black "Tomaszewski, Kacper"]
[Result "1-0"]
[WhiteElo "2151"]
[BlackElo "2315"]
[PlyCount "79"]
[EventDate "2023.04.18"]
[EventType "swiss (blitz)"]
[EventRounds "11"]
[EventCountry "USA"]
[SourceTitle "EXT 2024"]
[Source "ChessBase"]
[SourceDate "2023.10.10"]
[SourceVersion "1"]
[SourceVersionDate "2023.10.10"]
[SourceQuality "1"]

1. d4 Nf6 2. c4 g6 3. g3 Bg7 4. Bg2 0-0 5. Nc3 c5 6. dxc5 Na6 7. Be3 Ng4 8. Bd2 Nxc5 9. Nf3 Qb6 10. 0-0 Qxb2 11. Rb1 Bxc3 12. Rxb2 Bxb2 13. Bb4 d6 14. h3 Ne5 15. Qb1 Nxf3+ 16. Bxf3 Bg7 17. Kg2 Rb8 18. Qc1 Be6 19. Rd1 b6 20. Bd5 Rfc8 21. Qe3 Bf6 22. Bc3 Bxd5+ 23. cxd5 Bxc3 24. Qxc3 Nd7 25. Qe3 Kf8 26. h4 Nf6 27. Qh6+ Kg8 28. Qe3 Rc7 29. Rd3 Rbc8 30. f3 Kf8 31. g4 Kg7 32. h5 Rd8 33. Qd4 Kg8 34. h6 Ne8 35. Qf4 Rdc8 36. Re3 Rd8 37. Qg5 Nf6 38. Rxe7 Rxe7 39. Qxf6 Kf8 40. Qh8# 1-0

[Event "Titled Tuesday intern op 18th Apr Early"]
[Site "Chess.com INT"]
[Date "2023.04.18"]
[Round "2"]
[White "Winkels, Marcel"]
[Black "Jimenez Jimenez, Leandro"]
[Result "0-1"]
[WhiteElo "1962"]
[BlackElo "2151"]
[PlyCount "108"]
[EventDate "2023.04.18"]
[EventType "swiss (blitz)"]
[EventRounds "11"]
[EventCountry "USA"]
[SourceTitle "EXT 2024"]
[Source "ChessBase"]
[SourceDate "2023.10.10"]
[SourceVersion "1"]
[SourceVersionDate "2023.10.10"]
[SourceQuality "1"]

1. d4 d5 2. Nc3 c5 3. e4 dxe4 4. dxc5 Qxd1+ 5. Kxd1 Bg4+ 6. Be2 Bf5 7. g4 Bg6 8. Be3 Nc6 9. h4 0-0-0+ 10. Ke1 h5 11. g5 e6 12. Nh3 Bf5 13. Nf4 Nge7 14. Nxh5 e5 15. Ng3 Be6 16. Rd1 Nd4 17. Bxd4 exd4 18. Ncxe4 Nd5 19. a3 Nf4 20. b4 Rxh4 21. Rxh4 Ng2+ 22. Kf1 Nxh4 23. c3 dxc3 24. Rxd8+ Kxd8 25. Nxc3 Be7 26. Nce4 Kc7 27. f4 b6 28. cxb6+ Kxb6 29. Nc3 Bd6 30. f5 Nxf5 31. Nxf5 Bxf5 32. Nd5+ Kc6 33. Ne3 Be6 34. Bd3 Bf4 35. Nc4 Bxg5 36. Ke2 Be7 37. Ne3 a5 38. b5+ Kb6 39. a4 Bb3 40. Nc4+ Bxc4 41. Bxc4 f5 42. Kf3 Bd6 43. Bd5 Kc5 44. Bc6 Kd4 45. b6 Ke5 46. b7 g5 47. Kf2 g4 48. Kg2 Kf4 49. Kf2 Kg5 50. Kg2 f4 51. Kf2 f3 52. Bd5 Kf4 53. Kf1 g3 54. Kg1 g2 0-1

[Event "Titled Tuesday intern op 11th Apr Early"]
[Site "Chess.com INT"]
[Date "2023.04.11"]
[Round "1"]
[White "Jimenez Jimenez, Leandro"]
[Black "Aravindh, Chithambaram VR"]
[Result "0-1"]
[WhiteElo "2151"]
[BlackElo "2607"]
[PlyCount "54"]
[EventDate "2023.04.11"]
[EventType "swiss (blitz)"]
[EventRounds "11"]
[EventCountry "USA"]
[SourceTitle "CBM 213 Extra"]
[Source "ChessBase"]
[SourceDate "2023.05.31"]
[SourceVersion "1"]
[SourceVersionDate "2023.05.31"]
[SourceQuality "1"]

1. d4 c6 2. c4 f5 3. Nc3 Nf6 4. g3 g6 5. Bg2 Bg7 6. Nf3 0-0 7. 0-0 d6 8. Qc2 Qe8 9. d5 e5 10. dxe6 Bxe6 11. b3 Na6 12. Bb2 Rd8 13. Ng5 Bc8 14. Rad1 Nc5 15. b4 Ne6 16. h4 Qe7 17. b5 Nxg5 18. hxg5 Ng4 19. bxc6 bxc6 20. Bxc6 Qxg5 21. Bd5+ Kh8 22. Bg2 Qh5 23. Rfe1 Qh2+ 24. Kf1 f4 25. Ne4 Ne3+ 26. fxe3 fxg3+ 27. Bf3 Bh3# 0-1

[Event "Titled Tuesday intern op 11th Apr Late"]
[Site "Chess.com INT"]
[Date "2023.04.11"]
[Round "2"]
[White "Jimenez Jimenez, Leandro"]
[Black "Kovalev, Vladislav"]
[Result "0-1"]
[WhiteElo "2151"]
[BlackElo "2612"]
[PlyCount "94"]
[EventDate "2023.04.11"]
[EventType "swiss (blitz)"]
[EventRounds "11"]
[EventCountry "USA"]
[SourceTitle "CBM 213 Extra"]
[Source "ChessBase"]
[SourceDate "2023.05.31"]
[SourceVersion "1"]
[SourceVersionDate "2023.05.31"]
[SourceQuality "1"]

1. d4 Nf6 2. c4 g6 3. Nc3 Bg7 4. e4 d6 5. f3 0-0 6. Be3 c5 7. d5 e6 8. Nge2 Re8 9. Ng3 h5 10. Be2 h4 11. Nf1 exd5 12. cxd5 a6 13. a4 Nh5 14. Nd2 Bd4 15. Nc4 Bxe3 16. Nxe3 Qg5 17. Qd2 Nf4 18. 0-0-0 b5 19. g3 Nxe2+ 20. Nxe2 Nd7 21. gxh4 Qxh4 22. Ng4 Ne5 23. Nxe5 Rxe5 24. Ng3 Bh3 25. f4 Ree8 26. Rhg1 Kh7 27. Rde1 bxa4 28. f5 a3 29. bxa3 Rab8 30. fxg6+ fxg6 31. Re3 Qh6 32. Rf3 Rb1+ 33. Kxb1 Qxd2 34. Rf7+ Kg8 35. Rb7 Qd3+ 36. Ka2 Rxe4 37. Nxe4 Qxe4 38. Rgb1 Qxd5+ 39. Ka1 Be6 40. Rb8+ Kf7 41. R1b7+ Kf6 42. Rf8+ Ke5 43. Rb2 Qd4 44. Rff2 Bf5 45. Rfe2+ Kf6 46. Red2 Qg1+ 47. Ka2 Be6+ 0-1

[Event "Titled Tuesday intern op 04th Apr Early"]
[Site "Chess.com INT"]
[Date "2023.04.04"]
[Round "11"]
[White "Berezin, Viktor1111"]
[Black "Jimenez Jimenez, Leandro"]
[Result "0-1"]
[WhiteElo "2307"]
[BlackElo "2151"]
[PlyCount "54"]
[EventDate "2023.04.04"]
[EventType "swiss (blitz)"]
[EventRounds "11"]
[EventCountry "USA"]
[SourceTitle "EXT 2024"]
[Source "ChessBase"]
[SourceDate "2023.10.10"]
[SourceVersion "1"]
[SourceVersionDate "2023.10.10"]
[SourceQuality "1"]

1. d4 d5 2. c4 e6 3. Nf3 Nf6 4. g3 dxc4 5. Bg2 a6 6. a4 Bb4+ 7. Bd2 Nc6 8. 0-0 Bd7 9. e3 b5 10. axb5 axb5 11. Rxa8 Qxa8 12. Ne5 Bxd2 13. Nxd7 Nxd7 14. Nxd2 Qa6 15. b3 c3 16. Ne4 b4 17. d5 Nce5 18. dxe6 Qxe6 19. Qd4 Qb6 20. Qd5 0-0 21. f4 Qxe3+ 22. Kh1 c2 23. Nd2 Nd3 24. Nc4 Nf2+ 25. Kg1 Nh3+ 26. Kh1 Qg1+ 27. Rxg1 Nf2# 0-1

[Event "Titled Tuesday intern op 04th Apr Early"]
[Site "Chess.com INT"]
[Date "2023.04.04"]
[Round "7"]
[White "Dushyant, Sharma"]
[Black "Jimenez Jimenez, Leandro"]
[Result "1-0"]
[WhiteElo "2355"]
[BlackElo "2151"]
[PlyCount "99"]
[EventDate "2023.04.04"]
[EventType "swiss (blitz)"]
[EventRounds "11"]
[EventCountry "USA"]
[SourceTitle "EXT 2024"]
[Source "ChessBase"]
[SourceDate "2023.10.10"]
[SourceVersion "1"]
[SourceVersionDate "2023.10.10"]
[SourceQuality "1"]

1. e4 e5 2. Nf3 Nc6 3. Nc3 Nf6 4. Bb5 Nd4 5. Nxd4 exd4 6. e5 dxc3 7. exf6 Qxf6 8. bxc3 Qe5+ 9. Be2 b6 10. d4 Qe6 11. 0-0 Bb7 12. Bf3 0-0-0 13. Bxb7+ Kxb7 14. Qf3+ Qc6 15. Qxf7 Qxc3 16. Bg5 Rc8 17. Qxd7 Bd6 18. Be3 g5 19. Rab1 g4 20. Qxg4 Rhg8 21. Qf3+ Kb8 22. g3 Rcf8 23. Qg2 Qxc2 24. Rfc1 Qe2 25. Rc3 h5 26. h4 Rg4 27. Rbc1 Rfg8 28. Bg5 Rf8 29. R3c2 Qb5 30. Re1 Rxd4 31. Rce2 Qd5 32. Qh3 Rd3 33. Re8+ Rxe8 34. Rxe8+ Kb7 35. Qc8+ Kc6 36. Qa8+ Kb5 37. Qxd5+ Rxd5 38. Rh8 Rd1+ 39. Kg2 Ra1 40. Rxh5 Rxa2 41. Be7+ Kc6 42. Bxd6 cxd6 43. Rh8 a5 44. h5 a4 45. h6 a3 46. h7 Kb7 47. Re8 Ra1 48. h8Q Kc6 49. Qxa1 Kb5 50. Qxa3 1-0

[Event "Titled Tuesday intern op 04th Apr Late"]
[Site "Chess.com INT"]
[Date "2023.04.04"]
[Round "10"]
[White "Goncharov, Vladimir"]
[Black "Jimenez Jimenez, Leandro"]
[Result "0-1"]
[WhiteElo "2077"]
[BlackElo "2151"]
[PlyCount "148"]
[EventDate "2023.04.04"]
[EventType "swiss (blitz)"]
[EventRounds "11"]
[EventCountry "USA"]
[SourceTitle "EXT 2024"]
[Source "ChessBase"]
[SourceDate "2023.10.10"]
[SourceVersion "1"]
[SourceVersionDate "2023.10.10"]
[SourceQuality "1"]

1. d4 d5 2. c4 e6 3. Nc3 Nf6 4. Bg5 Be7 5. e3 0-0 6. Rc1 b6 7. cxd5 Nxd5 8. Nxd5 exd5 9. Bxe7 Qxe7 10. Nf3 Bb7 11. Qc2 Rc8 12. Bd3 g6 13. 0-0 c5 14. Ne5 Nd7 15. Nxd7 Qxd7 16. dxc5 Rxc5 17. Qd2 Rac8 18. Rxc5 Rxc5 19. Rd1 Qc8 20. h3 Qc6 21. Bf1 Rc2 22. Qd4 Qc5 23. Qxc5 bxc5 24. Rb1 Kf8 25. a4 a5 26. b3 Ke7 27. Bb5 Kd6 28. Kf1 d4 29. Rd1 Ke5 30. Re1 Kd6 31. f3 f5 32. Re2 Rc1+ 33. Kf2 Bd5 34. Rd2 dxe3+ 35. Kxe3 Rc3+ 36. Kf2 Ke5 37. Re2+ Kf6 38. Re8 Bxb3 39. Rc8 c4 40. h4 Rc2+ 41. Kg3 c3 42. Kf4 Rxg2 43. Rc6+ Kg7 44. Rxc3 Bf7 45. Rc7 Kf6 46. Rc6+ Kg7 47. Rc7 Kf6 48. Ra7 Rb2 49. Rxa5 Rb4+ 50. Kg3 Bc4 51. Ra6+ Kg7 52. Bc6 Bxa6 53. Kf2 Bc4 54. Ke3 Ba6 55. Kd2 Bb7 56. Bb5 Bxf3 57. Kc3 Rxh4 58. a5 Ba8 59. a6 Rh2 60. a7 Ra2 61. Kd4 Rxa7 62. Be2 Kf6 63. Ke3 Be4 64. Kf2 Ra3 65. Bb5 g5 66. Kg1 g4 67. Kh2 Kg5 68. Bc4 h5 69. Bf1 h4 70. Be2 h3 71. Bxg4 fxg4 72. Kg1 Kh4 73. Kh2 g3+ 74. Kg1 Ra1# 0-1

[Event "Titled Tuesday intern op 04th Apr Late"]
[Site "Chess.com INT"]
[Date "2023.04.04"]
[Round "6"]
[White "Jimenez Jimenez, Leandro"]
[Black "Bluebaum, Matthias"]
[Result "0-1"]
[WhiteElo "2151"]
[BlackElo "2660"]
[PlyCount "54"]
[EventDate "2023.04.04"]
[EventType "swiss (blitz)"]
[EventRounds "11"]
[EventCountry "USA"]
[SourceTitle "EXT 2024"]
[Source "ChessBase"]
[SourceDate "2023.10.10"]
[SourceVersion "1"]
[SourceVersionDate "2023.10.10"]
[SourceQuality "1"]

1. d4 d5 2. c4 e6 3. Nf3 Nf6 4. g3 Nc6 5. Bg2 Bd6 6. 0-0 0-0 7. b3 dxc4 8. bxc4 e5 9. d5 Na5 10. Qc2 b6 11. Bb2 Re8 12. Nbd2 h6 13. Nb3 Nb7 14. a4 a5 15. h3 Bd7 16. Nh4 Nc5 17. Nxc5 Bxc5 18. Nf5 Qc8 19. e4 Bxf5 20. exf5 Qd7 21. Rfe1 Qd6 22. g4 Bd4 23. Bxd4 exd4 24. Qd3 Qc5 25. Red1 Rad8 26. Qxd4 Re1+ 27. Kh2 Qxd4 0-1

[Event "Titled Tuesday intern op 04th Apr Early"]
[Site "Chess.com INT"]
[Date "2023.04.04"]
[Round "6"]
[White "Jimenez Jimenez, Leandro"]
[Black "Korelskiy, Egor"]
[Result "1/2-1/2"]
[WhiteElo "2151"]
[BlackElo "2111"]
[PlyCount "104"]
[EventDate "2023.04.04"]
[EventType "swiss (blitz)"]
[EventRounds "11"]
[EventCountry "USA"]
[SourceTitle "EXT 2024"]
[Source "ChessBase"]
[SourceDate "2023.10.10"]
[SourceVersion "1"]
[SourceVersionDate "2023.10.10"]
[SourceQuality "1"]

1. d4 d5 2. c4 e6 3. Nf3 c6 4. g3 dxc4 5. Bg2 b5 6. 0-0 Bb7 7. a4 Nd7 8. b3 cxb3 9. Qxb3 a6 10. Na3 Ngf6 11. Nc4 Rb8 12. Nce5 c5 13. axb5 axb5 14. Nxf7 Kxf7 15. Ng5+ Ke8 16. Bxb7 Rxb7 17. Qxe6+ Qe7 18. Ra8+ Rb8 19. Rxb8+ Nxb8 20. Qc8+ Qd8 21. Qxd8+ Kxd8 22. Nf7+ Ke7 23. Nxh8 g6 24. dxc5 Bg7 25. Bf4 Nc6 26. Bd6+ Ke6 27. Nxg6 hxg6 28. Rd1 Ne4 29. Rd3 b4 30. e3 Nc3 31. Rd2 b3 32. f3 Nb5 33. f4 Nb4 34. Be5 Bxe5 35. fxe5 Nc2 36. c6 b2 37. Rd1 Kxe5 38. Rb1 Nxe3 39. Rxb2 Nc7 40. Rd2 Ned5 41. Kf2 Kd6 42. Kf3 Kxc6 43. Kg4 Kd6 44. Rxd5+ Nxd5 45. Kg5 Ne7 46. h4 Ke6 47. g4 Kf7 48. h5 gxh5 49. gxh5 Kg7 50. h6+ Kh7 51. Kf6 Ng8+ 52. Kf7 Nxh6+ 1/2-1/2

[Event "Titled Tuesday intern op 21st Mar Early"]
[Site "Chess.com INT"]
[Date "2023.03.21"]
[Round "10"]
[White "Clawitter, Craig"]
[Black "Jimenez Jimenez, Leandro"]
[Result "0-1"]
[WhiteElo "2050"]
[BlackElo "2157"]
[PlyCount "32"]
[EventDate "2023.03.21"]
[EventType "swiss (blitz)"]
[EventRounds "11"]
[EventCountry "USA"]
[SourceTitle "EXT 2024"]
[Source "ChessBase"]
[SourceDate "2023.10.10"]
[SourceVersion "1"]
[SourceVersionDate "2023.10.10"]
[SourceQuality "1"]

1. e4 e5 2. Nc3 Nf6 3. g3 Bc5 4. Bg2 c6 5. Nge2 d5 6. exd5 cxd5 7. d4 exd4 8. Nxd4 Nc6 9. Nb3 Bxf2+ 10. Kxf2 Ng4+ 11. Kf1 Qb6 12. Qe2+ Be6 13. Nxd5 Qd8 14. Nf4 0-0 15. h3 Bc4 16. Qxc4 Qd1# 0-1

[Event "Titled Tuesday intern op 21st Mar Early"]
[Site "Chess.com INT"]
[Date "2023.03.21"]
[Round "11"]
[White "Filgueira, Hernan"]
[Black "Jimenez Jimenez, Leandro"]
[Result "1-0"]
[WhiteElo "2283"]
[BlackElo "2157"]
[PlyCount "63"]
[EventDate "2023.03.21"]
[EventType "swiss (blitz)"]
[EventRounds "11"]
[EventCountry "USA"]
[SourceTitle "EXT 2024"]
[Source "ChessBase"]
[SourceDate "2023.10.10"]
[SourceVersion "1"]
[SourceVersionDate "2023.10.10"]
[SourceQuality "1"]

1. c4 c5 2. g3 g6 3. Bg2 Bg7 4. Nc3 Nc6 5. a3 e6 6. Rb1 Nge7 7. b4 cxb4 8. axb4 d5 9. b5 Ne5 10. cxd5 Nxd5 11. Nxd5 exd5 12. d4 Nc4 13. e3 Bf5 14. Ra1 Qd7 15. Ne2 0-0 16. Nc3 Rfc8 17. Nxd5 Be6 18. Nf4 Qxb5 19. Nxe6 fxe6 20. 0-0 a5 21. Bh3 Rc6 22. Ba3 Nxa3 23. Rxa3 a4 24. Ra1 a3 25. Bg2 Rb6 26. Qc2 Bf8 27. Rfb1 Qa6 28. Bf1 Qa5 29. Bc4 Kg7 30. Qe4 Rc8 31. Bxe6 Re8 32. d5 1-0

[Event "Titled Tuesday intern op 21st Mar Early"]
[Site "Chess.com INT"]
[Date "2023.03.21"]
[Round "6"]
[White "Jimenez Jimenez, Leandro"]
[Black "Berezin, Viktor1111"]
[Result "0-1"]
[WhiteElo "2157"]
[BlackElo "2307"]
[PlyCount "92"]
[EventDate "2023.03.21"]
[EventType "swiss (blitz)"]
[EventRounds "11"]
[EventCountry "USA"]
[SourceTitle "EXT 2024"]
[Source "ChessBase"]
[SourceDate "2023.10.10"]
[SourceVersion "1"]
[SourceVersionDate "2023.10.10"]
[SourceQuality "1"]

1. d4 Nf6 2. c4 g6 3. Nc3 Bg7 4. e4 0-0 5. f3 d6 6. Be3 b6 7. Nge2 c5 8. Qd2 Nc6 9. d5 Ne5 10. Ng3 h5 11. Be2 e6 12. 0-0 exd5 13. cxd5 a6 14. a4 Re8 15. h3 Rb8 16. f4 Ned7 17. e5 dxe5 18. f5 Nf8 19. fxg6 fxg6 20. Bg5 N8h7 21. Bh6 e4 22. Bc4 h4 23. Nge2 Kh8 24. Rad1 Bf5 25. d6 Qc8 26. Bxg7+ Kxg7 27. Nf4 e3 28. Qe2 Ng5 29. Bxa6 Qd8 30. Bb5 Re5 31. Nfd5 Qxd6 32. Nxf6 Qxf6 33. Rd7+ Kh6 34. Nd5 Qe6 35. Nf4 Qg8 36. Rc7 Rc8 37. Rb7 Rd8 38. Rd1 Ree8 39. Rxd8 Rxd8 40. Qxe3 Be4 41. Ne2 Bxb7 42. Nc3 Qe6 43. Qf4 Qf5 44. Qc7 Rd1+ 45. Kh2 Qxh3+ 46. gxh3 Rh1# 0-1